000 00647nam a22002417a 4500
003 UA-OsUOA
001 47590
007 ta
008 20120713b un ||||| |||| 00| 0 ukr d
100 _aКиріяк І.
090 _a82-3
_bК43
942 _cBK
040 _aUA-OsUOA
_bukr
_cUA-OsUOA
_dUA-OsUOA
245 _aСини землі.
300 _a294 с.
955 _a3
041 _aukr
080 _a82-3
260 _c1979
650 7 _a82 Література. Літературознавство
_2UDC
999 _c427699
_d427699